| 000 | 00434nam a2200145Ia 4500 | ||
|---|---|---|---|
| 005 | 20240821152201.0 | ||
| 008 | 240821s9999||||xx |||||||||||||| ||und|| | ||
| 082 | _a671.82 DIC | ||
| 100 | _aDickason, A. | ||
| 245 | 0 | _aTechnology of sheet metal work for students and craftsman | |
| 260 |
_aLondon _bSir Isaac Pitman & Sons Ltd. _c1961 |
||
| 300 | _a299p | ||
| 650 | _aMANUFACTURES:BASED ON METAL WOOD, FIBRES ELASTOMERS | ||
| 942 | _cBK | ||
| 999 |
_c64390 _d64390 |
||